000 00717nam a2200229Ia 4500
999 _c4461
_d4461
003 OSt
005 20200624125316.0
008 191128s2014 mx a gr 000 j spa d
020 _a9788416255504
040 _aCO-JMCR
_cCO-JMCR
041 _aspa
082 0 4 _aH /
_bPAKb
100 1 _aPak, Greg,
_eautor
_95660
245 1 0 _aBatman Superman :
_b¡horas finales! /
_cGreg Pak, Brian Clay Moore, Tom Raney [y otros 4]
260 _aMéxico :
_bEcc,
_c2014
300 _a32 páginas :
_bilustraciones a color ;
_c26 cm.
500 _aRecomendado para mayores de 8 años.
650 1 4 _aTiras cómicas
_95616
700 _a Ken, Lashley
_eautor
_96080
700 _aBen, Templesmith
_eautor
_96081
942 _2ddc
_cBK